Enhancing the Accuracy of Decision Trees Using Bagging
Enregistré dans:
| Auteur principal: | |
|---|---|
| Format: | Chapitre de livre |
| Langue: | anglais |
| Sujets: | |
| Tags: |
Pas de tags, Soyez le premier à ajouter un tag!
|
MARC
| LEADER | 00000naa$a2200000$$$4500 | ||
|---|---|---|---|
| 001 | 0305547 | ||
| 005 | 20250127093821.4 | ||
| 041 | 0 | |a eng | |
| 044 | |a SK | ||
| 245 | 1 | 0 | |a Enhancing the Accuracy of Decision Trees Using Bagging |c Andrej Bednařík |
| 500 | |a Abstrakt | ||
| 610 | 2 | 0 | |a rozhodovanie |
| 100 | 1 | |a Bednařík, Andrej, 1998- | |